000 00552nam a2200205 a 4500
001 BRCA_6142
005 20190320205340.0
008 050711s1921----gw-#######---#000-0#ger-#
041 _ager
044 _agw
050 4 _aPT2635 . O77
_b.K6 1921
100 1 _aRosner, Karl Peter
_d1873-
_915487
245 1 0 _aDer König
_cvon Karl Rosner.
260 _aStuttgart, Alemania
_bJ.G. Cotta’sche Buchhandlung Nachf
_c1921 [c1920]
300 _a299 p.
_c19 cm.
500 _aK31
650 1 4 _aLiteratura Alemana
_96160
902 _aGFM
942 _2lcc
_cB
999 _c5829
_d5829